000 00365nam a2200133 i 4500
001 bg
100 1 _aWOLISZ, Adam
245 0 _aPodstawy lokalnych sieci komputerowych.
_nT. 2,
_pOprogramowanie komunikacyjne i usługi sieci /
_cA. Wolisz.
260 _aWarszawa,
_c1992.
040 _cBPK
041 _apol
942 _cKS
008 s pl f |000 0 pol
999 _c5368
_d5368
856 _uhttp://koha.tu.koszalin.pl/cgi-bin/koha/opac-detail.pl?biblionumber=5368
_yKatalog online BPK